Joueurs Africains d'Europa League - Statistiques

Statistiques générales
  • Ce quiz a été pris 6 fois
  • Le résultat moyen est 29 sur 126
Statistiques - réponses
Club Pays Joueurs % Correct
AS Roma Côte d'Ivoire Evan Ndicka
67%
LOSC Lille Maroc Hamza Igamane
67%
OGC Nice Sierra Leone Juma Bah
67%
Real Bétis Sevilla Maroc Sofyan Amrabat
67%
Real Bétis Sevilla Maroc Abde Ezzalzouli
50%
LOSC Lille Algérie Aïssa Mandi
50%
VfB Stuttgart Maroc Bilal El Khannouss
50%
LOSC Lille RD Congo Chancel Mbemba
50%
Olympique Lyonnais Angola Clinton Mata
50%
Nottingham Forest Côte d'Ivoire Ibrahim Sangaré
50%
Rangers Glasgow Côte d'Ivoire Mohamed Diomande
50%
Olympique Lyonnais Sénégal Moussa Niakhaté
50%
AS Roma Maroc Neil El Aynaoui
50%
LOSC Lille Maroc Osame Sahraoui
50%
OGC Nice Burundi Youssouf Ndayishimiye
50%
Ludogorets Razgrad Guinée Aguibou Camara
33%
Feyenoord Rotterdam Algérie Anis Hadj Moussa
33%
OGC Nice Sénégal Antoine Mendy
33%
VfB Stuttgart Algérie Badredine Bouanani
33%
FC Bâle Côte d'Ivoire Bénie Traoré
33%
Olympique Lyonnais Ghana Ernest Nuamah
33%
Feyenoord Rotterdam Mali Gaoussou Diarra
33%
Young Boys von Bern Algérie Jaouen Hadjam
33%
Olympique Lyonnais Mali Lassine Diarra
33%
PAOK Thessalonique Guinée Mady Camara
33%
Maccabi Tel-Aviv Guinée Mohamed Camara
33%
LOSC Lille Algérie Nabil Bentaleb
33%
LOSC Lille RD Congo Ngal'Ayel Mukau
33%
Olympique Lyonnais Algérie Rachid Ghezzal
33%
FC Utrecht Côte d'Ivoire Sébastien Haller
33%
OGC Nice Maroc Sofiane Diop
33%
FC Utrecht Maroc Souffian El Karouani
33%
Nottingham Forest Nigeria Taiwo Awoniyi
33%
OGC Nice Nigeria Terem Moffi
33%
Nottingham Forest Côte d'Ivoire Willy Boly
33%
OGC Nice Sénégal Yehvann Diouf
33%
Fenerbahçe Maroc Youssef El-Nesyri
33%
KRC Genk Cameroun Aaron Bibout
17%
PAOK Thessalonique Ghana Abdul Rahman Baba
17%
Panathinaikos Algérie Ahmed Touba
17%
FC Midtjylland Guinée-Bissau Alamara Djabi
17%
Panathinaikos Côte d'Ivoire Alban Lafont
17%
OGC Nice Tunisie Ali Abdi
17%
SC Braga Maroc Amine El Ouazzani
17%
Panathinaikos Maroc Anass Zaroury
17%
SK Sturm Graz RD Congo Axel Kayombo
17%
FC Steaua Bucuresti Ghana Baba Alhassan
17%
Férencvaros TC Nigeria Bamidele Yusuf
17%
OGC Nice Cameroun Bernard Nguene
17%
Ludogorets Razgrad Ghana Bernard Tekpetey
17%
Real Bétis Sevilla RD Congo Cédric Bakambu
17%
Young Boys von Bern Côte d'Ivoire Chris Bedia
17%
SC Freiburg Burkina Faso Cyriaque Irié
17%
Panathinaikos Nigeria Cyriel Dessers
17%
SC Freiburg Ghana Daniel-Kofi Kyereh
17%
FC Steaua Bucuresti Bénin David Kiki
17%
Ludogorets Razgrad Cap-Vert Deroy Duarte
17%
Fenerbahçe Mali Dorgeles Nene
17%
Young Boys von Bern Gambie Ebrima Colley
17%
RB Salzburg Ghana Edmund Baidoo
17%
FC Midtjylland Zambie Edward Chilufya
17%
FC Midtjylland Nigeria Etim
17%
Aston Villa Côte d'Ivoire Evann Guessand
17%
Young Boys von Bern Guinée Facinet Conte
17%
FC Midtjylland Guinée-Bissau Franculino
17%
Etoile Rouge Nigeria Franklin Teba Uchenna
17%
Férencvaros TC Côte d'Ivoire Habib Maïga
17%
Maccabi Tel-Aviv Cap-Vert Hélio Varela
17%
KRC Genk Guinée Ibrahima Sory Bangoura
17%
FC Bâle Maroc Ibrahim Salah
17%
FC Bologna Ghana Ibrahim Sulemana
17%
Celta de Vigo Guinée Ilaix Moriba
17%
GNK Dinamo Zagreb Algérie Ismaël Bennacer
17%
Maccabi Tel-Aviv Mali Issouf Sissokho
17%
FC Viktoria Plzen Nigeria James Bello
17%
OGC Nice Côte d'Ivoire Jérémie Boga
17%
FC Bâle Ghana Jonas Adjetey
17%
Celta de Vigo Maroc Jonas El Abdellaoui
17%
KRC Genk RD Congo Joris Kayembe
17%
Celta de Vigo Ghana Joseph Aidoo
17%
RB Salzburg Côte d'Ivoire Karim Konaté
17%
Celtic Glasgow Nigeria Kelechi Iheanacho
17%
Etoile Rouge Gambie Mahmudu Bajo
17%
FC Steaua Bucuresti Maroc Malcom Edjouma
17%
FC Steaua Bucuresti Sénégal Mamadou Thiam
17%
RB Salzburg Mali Mamady Diambou
17%
SC Braga Côte d'Ivoire Mario Dorgeles
17%
FC Midtjylland Nigeria Mark Ugboh
17%
FC Bâle RD Congo Metinho
17%
Etoile Rouge Angola Milson
17%
RB Salzburg Mali Moussa Yeo
17%
SK Brann Ghana Nana Kwame Boakye
17%
Rangers Glasgow Burkina Faso Nasser Djiga
17%
Go Ahead Eagles Ghana Ofosu Boakye
17%
Nottingham Forest Nigeria Ola Aina
17%
Ludogorets Razgrad Bénin Olivier Verdon
17%
FC Midtjylland Sénégal Ousmane Diao
17%
Feyenoord Rotterdam Maroc Oussama Targhalline
17%
FC Bâle Nigeria Philip Otele
17%
FC Viktoria Plzen Ghana Prince Kwabena Adu
17%
FC Utrecht Maroc Rafik El Arguioui
17%
FC Viktoria Plzen Nigeria Rafiu Durosinmi
17%
Young Boys von Bern Madagascar Rayan Raveloson
17%
Young Boys von Bern Gambie Saidy Janko
17%
Malmö FF Guinée Salifou Soumah
17%
FC Viktoria Plzen Liberia Sampson Dweh
17%
Celtic Glasgow Tunisie Sebastian Tounekti
17%
Etoile Rouge Gabon Shavy Babicka
17%
SC Braga Mali Sikou Niakaté
17%
FC Steaua Bucuresti Afrique du Sud Siyabonga Ngezana
17%
RB Salzburg Mali Soumaïla Diabaté
17%
KRC Genk Nigeria Yira Sor
17%
Ludogorets Razgrad Côte d'Ivoire Yves Erick Bile
17%
FC Porto Nigeria Zaidu Yusuf
17%
KRC Genk Maroc Zakaria El Ouahdi
17%
Fenerbahçe Sénégal Abdou Aziz Fall
0%
Olympique Lyonnais Maroc Achraf Laâziri
0%
SC Braga Maroc Alaa Bellaarouch
0%
OGC Nice Algérie Hicham Boudaoui
0%
FC Steaua Bucuresti Cameroun Joyskim Dawa
0%
Malmö FF Mali Mahamé Siby
0%
Celtic Glasgow RD Congo Michel-Ange Balikwisha
0%
OGC Nice Égypte Mohamed Abdelmonem
0%
Férencvaros TC Guinée Naby Keïta
0%
OGC Nice Ghana Salis Abdul Samed
0%
VfB Stuttgart RD Congo Silas Wamangituka
0%
Aucun quiz correspondant
Distribution des résultats
% des personnes avec chaque résultat
Percentile par nombre de réponses
Votre historique - résultats
Vous n’avez pas pris ce quiz